Me'am lo'ez, Ester / (Record no. 189767)
[ view plain ]
| 000 -LEADER | |
|---|---|
| campo de control de longitud fija | 01018nam a2200265 i 4500 |
| 001 - NÚMERO DE CONTROL | |
| campo de control | 189767 |
| 003 - IDENTIFICADOR DE NÚMERO DE CONTROL | |
| campo de control | ES-MaACL |
| 005 - FECHA Y HORA DE LA ÚLTIMA TRANSACCIÓN | |
| campo de control | 20230906223541.0 |
| 007 - CAMPO FIJO DE DESCRIPCIÓN FÍSICA--INFORMACIÓN GENERAL | |
| campo de control de longitud fija | t| |
| 008 - DATOS DE LONGITUD FIJA--INFORMACIÓN GENERAL | |
| campo de control de longitud fija | 191017s1974 sp ||||1| spa d |
| 130 0# - ENTRADA PRINCIPAL--TÍTULO UNIFORME | |
| Título uniforme | Me-am loez. |
| Nombre de parte o sección de la obra | Ester. |
| 9 (RLIN) | 168535 |
| 245 10 - MENCIÓN DEL TÍTULO | |
| Título | Me'am lo'ez, Ester / |
| Mención de responsabilidad, etc. | de Rafael Hiyah ; instroducción, notas y apéndices por Pascual Pascual Recuero. |
| 260 ## - PUBLICACIÓN, DISTRIBUCIÓN, ETC. | |
| Lugar de publicación, distribución, etc. | Madrid : |
| Nombre del editor, distribuidor, etc. | Gredos, |
| Fecha de publicación, distribución, etc. | 1974. |
| 300 ## - DESCRIPCIÓN FÍSICA | |
| Extensión | 490, 49 p. ; |
| Dimensiones | 25 cm. |
| 490 1# - MENCIÓN DE SERIE | |
| Mención de serie | Me'am lo'ez : el gran comentario bíblico sefardí ; |
| Designación de volumen o secuencia | 13 |
| 490 1# - MENCIÓN DE SERIE | |
| Mención de serie | Biblioteca universal sefardí |
| 500 ## - NOTA GENERAL | |
| Nota general | Publicaciones del Instituto Ibn Tibbón. |
| 546 ## - NOTA DE IDIOMA | |
| Nota de lengua/lenguaje | Texto en ladino y traducción al español; introducción y notas en español. |
| 700 1# - ENTRADA AGREGADA--NOMBRE PERSONAL | |
| Nombre de persona | Pascual Recuero, Pascual. |
| 9 (RLIN) | 89395 |
| 700 1# - ENTRADA AGREGADA--NOMBRE PERSONAL | |
| Nombre de persona | Pontremoli, Raphael Hiya. |
| 9 (RLIN) | 168536 |
| 830 0# - PUNTO DE ACCESO ADICIONAL DE SERIE-TÍTULO UNIFORME | |
| Título uniforme | Me'am lo'ez : el gran comentario bíblico sefardí ; |
| Designación de volumen o secuencia | 13 |
| 9 (RLIN) | 193404 |
| 830 0# - PUNTO DE ACCESO ADICIONAL DE SERIE-TÍTULO UNIFORME | |
| Título uniforme | Biblioteca universal sefardí |
| 9 (RLIN) | 193405 |
| 852 ## - LOCALIZACIÓN | |
| Ubicación | ES-MaACL |
| Número de control de estantería | P-1010-Bis-4 |
| Estatus retirado | Estado de pérdida | Estado de daño | No para préstamo | Biblioteca de origen | Biblioteca actual | Ubicación en estantería | Fecha de adquisición | Fuente de adquisición | Total de préstamos | Signatura topográfica completa | Código de barras | Visto por última vez | Precio de reemplazo | Tipo de ítem Koha |
|---|---|---|---|---|---|---|---|---|---|---|---|---|---|---|
| Biblioteca del Ateneo de Madrid | Biblioteca del Ateneo de Madrid | Depósito 2 | 17/10/2019 | P-1010-Bis-4 | 1201205 | 23/02/2023 | 23/02/2023 | Libro impreso |
